Ummah the muslim nation
| Main Author: | |
|---|---|
| Format: | Book |
| Published: |
Kuala Lumpur :
DBP ,
1991
|
| Subjects: |
MARC
| LEADER | 00000cam a2200000 7i4500 | ||
|---|---|---|---|
| 001 | 0000004853 | ||
| 002 | 000005231 | ||
| 005 | 20000330.0 | ||
| 020 | |a 9836220593 | ||
| 090 | 0 | 0 | |a 297.1977 |b MUH |
| 100 | 0 | |a Muhammad Abd.Rauf | |
| 245 | 0 | 0 | |a Ummah the muslim nation |c Muhammad Abd.Rauf |
| 260 | |a Kuala Lumpur : |b DBP , |c 1991 | ||
| 300 | |a 186p. ; |c 22cm. | ||
| 650 | 0 | 0 | |a Islamic countries |
| 999 | |a 033503 |b BUKU |c PINJAMAN |e PERPUSTAKAAN KOMUNITI PETALING JAYA | ||